| 000 | 01126nam a22002657a 4500 | ||
|---|---|---|---|
| 008 | 081120t xxu||||| |||| 00| 0 eng d | ||
| 010 | _aENG-91712 | ||
| 020 |
_a9788175347168 _c625.00 |
||
| 035 | _aEN-75245 | ||
| 037 | _bDBAD / PUB | ||
| 040 |
_adpl _bEnglish |
||
| 082 | _a346.54034 | ||
| 100 | _aMitter, V. | ||
| 245 |
_aLaw of defamation & malicious prosecution: _cby V. Mitter _bcivil and criminal with model forms of plaints and defences and allied legislations / |
||
| 250 |
_a11th ed. / _brev. by K. Shanmukham |
||
| 260 |
_aDelhi _bUniversal Law Publishing _c2008 |
||
| 270 |
_aC-FF-1A, Dilkhush Industrial Estate, (Opp, Hans Cinema, Azadpur) GT. Karnal Road,, _bDelhi _e110033 |
||
| 300 |
_alxxvi, 616p. _c25cm (Hb) |
||
| 500 | _aIncludes index | ||
| 650 |
_aLibel and slander _zIndia |
||
| 650 |
_aMalicious prosecution _zIndia |
||
| 700 | _aShanmukham, K. | ||
| 942 |
_2ddc _cEN _mMIT _h346.54034 |
||
| 999 |
_c18877 _d18877 |
||